Szachowe debiuty otwarte - nagła śmierć - Statystyki

Ogólne statystyki
  • Ten quiz został rozwiązany 29 razy
  • Średni wynik to 6 z 13
Answers on the Grid
Answers color-coded by a green-red scale on the quiz's grid according to % correct below.
Debiut centralny
Gambit północny
Debiut gońca
Gambit królewski
Gambit hetmański
Partia hiszpańska
Partia włoska
Partia węgierska
Debiut trzech skoczków
Debiut czterech skoczków
Obrona sycylijska
Obrona dwóch skoczków
Obrona Philidora
Obrona francuska
Obrona Caro-Kann
Obrona Pirca
Partia katalońska
Partia angielska
Gambit budapeszteński
Gambit Evansa
Gambit słonia
Obrona polska
 
Statystyki odpowiedzi
Odpowiedź % Poprawnych
Debiut trzech skoczków
61%
Debiut czterech skoczków
57%
Partia hiszpańska
57%
Debiut centralny
52%
Gambit królewski
52%
Partia włoska
52%
Obrona dwóch skoczków
48%
Gambit Evansa
39%
Gambit słonia
39%
Obrona Philidora
35%
Debiut gońca
30%
Gambit północny
30%
Partia węgierska
30%
Nie znaleziono quizów pasujących do podanych kryteriów
Rozkład punktacji
Procent ludzi z każdym wynikiem
Percentyl według liczby udzielonych odpowiedzi
Twoja historia wyników
Nie rozwiązałeś tego quizu